| 000 | 00412nam a22001697a 4500 | ||
|---|---|---|---|
| 003 | CEME | ||
| 005 | 20210628203441.0 | ||
| 008 | 210129b xxu||||| |||| 00| 0 eng d | ||
| 040 | _c. | ||
| 082 | _a297 MUH | ||
| 100 |
_aMuhammad Tariq Mehmood _965537 |
||
| 245 | _aBaap ka taqaddus | ||
| 260 |
_aLAHORE _bKHAZEENA ADAB _c2003 |
||
| 300 | _a252P | ||
| 650 |
_aISLAM-BAAP KA TAQADDUS _965538 |
||
| 942 |
_cBK _2ddc |
||
| 999 |
_c573714 _d573714 |
||